| 000 | 01229nam a2200349 c 4500 | ||
|---|---|---|---|
| 003 | BLK | ||
| 005 | 20250401174105.0 | ||
| 008 | 180409b bul|||||r ||||||| ||bul|| | ||
| 010 | _aKNG00109774000 | ||
| 020 |
_a978-954-685-861-0 _bиздат.: СофтПрес |
||
| 040 | _aBLK | ||
| 041 |
_aBUL _cBUL |
||
| 072 | 7 |
_2bullib _aН85 _xДетска художествена литература Н |
|
| 080 |
_aБългарска литература _b821.163.2 _x-93-91 _z821.163.2-93-91 |
||
| 700 | 1 |
_aСтатева, Албена _eподб. и лит. обраб. _9373096 |
|
| 139 |
_aПриказки за лека нощ _bП 87 |
||
| 245 | 1 | 0 |
_aПриказки за лека нощ _cподб. и лит. обраб. Албена Статева. |
| 257 | _aBGR | ||
| 260 |
_аСофия _bСофтПрес _c2011 |
||
| 300 | _c24 см | ||
| 380 | _aDX | ||
| 653 | _aприказки | ||
| 653 | _aлитература за деца | ||
| 653 | _aдетска литература | ||
| 659 | _aН | ||
| 852 | _aЦб 255105 | ||
| 856 | 4 |
_qpdf _u |
|
| 856 | 4 |
_qpdf _u |
|
| 942 |
_cKNG _n0 _02 |
||
| 944 |
_aCR _c21.05.2012 _lАнна Гръцманова _k30564 |
||
| 944 |
_aED _c31.05.2012 _lф / _k |
||
| 999 |
_c104664 _d104664 |
||